| 000 | 00641nam a22002177a 4500 | ||
|---|---|---|---|
| 003 | OSt | ||
| 005 | 20240228190923.0 | ||
| 008 | 210325b ||||| |||| 00| 0 spa d | ||
| 020 | _a9789945902433 | ||
| 040 |
_aDO-SdBNP _bspa _cBNPHU |
||
| 082 | 4 |
_aRD861.44 _bA452c _222 |
|
| 100 | 1 |
_aAlmonte, Gladys _911287 |
|
| 245 |
_aCáncamos para mi voz / _cGladys Almonte |
||
| 260 |
_aSanto Domingo : _bImpreso Soto, _c2018 |
||
| 300 |
_a95 p. ; _c24 cm |
||
| 590 | _aInventariado, 2021 / DG | ||
| 650 | 4 |
_aPoesía dominicana _978285 |
|
| 650 | 4 |
_aLiteratura dominicana _978286 |
|
| 910 | _aD/G/Validado. Control de calidad MFF | ||
| 942 |
_2ddc _cLBS1 |
||
| 999 |
_c49688 _d49688 |
||